Cơ sở kỹ thuật cán

Kaydedildi:
Detaylı Bibliyografya
Yazar: Nguyễn, Trường Thanh
Materyal Türü: Kitap
Dil:Undetermined
Baskı/Yayın Bilgisi: Tp HCM ĐHQG 2003
Konular:
Etiketler: Etiketle
Etiket eklenmemiş, İlk siz ekleyin!
Thư viện lưu trữ: Trung tâm Học liệu Trường Đại học Cần Thơ
LEADER 00498nam a2200181Ia 4500
001 CTU_56918
008 210402s9999 xx 000 0 und d
020 |c 45000 
082 |a 671.32 
082 |b Th107 
100 |a Nguyễn, Trường Thanh 
245 0 |a Cơ sở kỹ thuật cán 
245 0 |c Nguyễn Trường Thanh 
260 |a Tp HCM 
260 |b ĐHQG 
260 |c 2003 
650 |a rolling ( metal-work ) 
980 |a Trung tâm Học liệu Trường Đại học Cần Thơ